Vector measures /

Guardado en:
Autor Principal: Diestel, Joseph, 1943-
Otros Autores: Uhl, John Jerry, 1940-
Formato: Libro
Idioma:English
Publicado: Providence, R.I. : American Mathematical Society, 1977.
Series:Mathematical surveys ; no. 15
Materias:
Etiquetas: Agregar Etiqueta
Sin Etiquetas, Sea el primero en etiquetar este registro!
LEADER 00833cam a22002535a 4500
001 MAT.inmabb002999
008 770524s1977####riu######b####001#0#eng##
005 20130221172206.0
245 1 0 |a Vector measures /  |c by J. Diestel and J. J. Uhl, Jr. 
260 |a Providence, R.I. :  |b American Mathematical Society,  |c 1977. 
300 |a xiii, 322 p. ;  |c 26 cm. 
440 0 |a Mathematical surveys ;  |v no. 15 
504 |a Incluye referencias bibliográficas (p. 277-310) e índices. 
510 4 |a MR,  |c 56 #12216 
020 |a 0821815156 
100 1 |a Diestel, Joseph,  |d 1943- 
700 1 |a Uhl, John Jerry,  |d 1940- 
650 0 |a Vector-valued measures. 
650 0 |a Banach spaces. 
650 0 |a Linear operators. 
084 |a 28B05 (46G10)  |2 msc2000 
010 |a  77009625  
040 |a DLC  |c DLC  |d DLC 
859 |h 28  |i D564  |p A-4725  |b BIB. MATEMATICA